[Event "KP 2017-18, Jicin B - Hronov"]
[Site "?"]
[Date "2017.11.26"]
[Round "3.4"]
[White "Szablewski, Krysztof"]
[Black "Zakoucka, Adela"]
[Result "0-1"]
[WhiteElo "1895"]
[BlackElo "2027"]
[PlyCount "54"]
[EventDate "2017.12.03"]
[WhiteTeam "TJ Hronov"]
[BlackTeam "ŠK AD Jièín"]

1. f4 g6 2. Nf3 Bg7 3. e3 d5 4. d4 b6 5. Bd3 Bb7 6. Nbd2 Nd7 7. O-O e6 8. Ne5
Ngf6 9. b3 O-O 10. Ba3 c5 11. Rc1 Rc8 12. Qe2 Re8 13. Rf2 a6 14. c3 b5 15. b4
c4 16. Bb1 Nb6 17. Bc2 Bf8 18. Bb2 Ra8 19. g4 a5 20. g5 Nh5 21. a3 axb4 22.
axb4 Ra2 23. Rb1 Qa8 24. Qd1 Na4 25. Qc1 Nxb2 26. Rxb2 Qa3 27. Rb1 Qxc3 0-1

[Event "KP 2017-18, Jicin B - Hronov"]
[Site "?"]
[Date "2017.11.26"]
[Round "3.5"]
[White "Rychna, Lukas"]
[Black "Franc, Martin"]
[Result "0-1"]
[WhiteElo "2019"]
[BlackElo "1706"]
[PlyCount "116"]
[EventDate "2017.12.03"]
[WhiteTeam "ŠK AD Jièín B"]
[BlackTeam "TJ Hronov"]

1. e4 c5 2. Nf3 Nc6 3. d4 cxd4 4. Nxd4 Nf6 5. Nc3 e5 6. Ndb5 d6 7. Bg5 a6 8.
Na3 b5 9. Nd5 Be7 10. Bxf6 Bxf6 11. Qd3 Ra7 12. g3 O-O 13. c3 Bg5 14. Bg2 Be6
15. Nc2 Ne7 16. Ncb4 Qa8 17. h4 Bxd5 18. hxg5 Bb7 19. O-O-O a5 20. Nd5 Bxd5 21.
exd5 g6 22. g4 f5 23. gxf6 Rxf6 24. g5 Rf7 25. Bh3 Nf5 26. Qxb5 a4 27. a3 Rab7
28. Qc4 Rfc7 29. Qe2 Rb3 30. Bxf5 gxf5 31. Rd2 Qa5 32. Rh3 Qb5 33. Qxb5 Rxb5
34. Rh4 f4 35. Rh6 Rb6 36. g6 hxg6 37. Rxg6+ Rg7 38. Rxg7+ Kxg7 39. Kc2 Rb5 40.
c4 Rc5 41. Kc3 Kf6 42. b3 axb3 43. Kxb3 Kf5 44. a4 e4 45. Kc3 Ra5 46. Ra2 Ke5
47. Ra1 f3 48. Ra2 e3 49. fxe3 Ke4 50. Kd2 Ra8 51. a5 Rh8 52. Ra3 Rh1 53. a6 f2
54. a7 f1=Q 55. Kc3 Qa1+ 56. Rxa1 Rxa1 57. Kb4 Rxa7 58. Kb5 Rc7 0-1

[Event "KP 2017-18, Jicin B - Hronov"]
[Site "?"]
[Date "2017.11.26"]
[Round "3.6"]
[White "Dudek, Wojciech"]
[Black "Vitova, Anna"]
[Result "1-0"]
[WhiteElo "1810"]
[BlackElo "1792"]
[PlyCount "43"]
[EventDate "2017.12.03"]
[WhiteTeam "TJ Hronov"]
[BlackTeam "ŠK AD Jièín B"]

1. d4 Nf6 2. Nf3 e6 3. g3 b6 4. Bg2 Bb7 5. O-O d5 6. a4 Be7 7. Ne5 O-O 8. a5 c5
9. e3 Nc6 10. a6 Nxe5 11. axb7 Rb8 12. dxe5 Nd7 13. f4 Rxb7 14. c4 Rc7 15. cxd5
exd5 16. Bxd5 c4 17. Nc3 Kh8 18. e4 Nc5 19. Nb5 Rd7 20. Rxa7 Rxa7 21. Nxa7 Qd7
22. Nc6 1-0

[Event "KP 2017-18, Jicin B - Hronov"]
[Site "?"]
[Date "2017.11.26"]
[Round "3.7"]
[White "Kohout, Jan"]
[Black "Cibulka, Josef"]
[Result "1-0"]
[WhiteElo "1927"]
[BlackElo "1653"]
[PlyCount "71"]
[EventDate "2017.12.03"]
[WhiteTeam "ŠK AD Jièín B"]
[BlackTeam "TJ Hronov"]

1. e4 c5 2. Nf3 Nc6 3. Bb5 d6 4. O-O Bd7 5. c3 Nf6 6. Re1 a6 7. Ba4 b5 8. Bc2
g6 9. d3 Bg7 10. Nbd2 O-O 11. Nf1 Qc7 12. Ng3 a5 13. h3 Be6 14. Ng5 Bd7 15. f4
Rad8 16. Qe2 h6 17. Nf3 e6 18. e5 Nd5 19. exd6 Qxd6 20. Ne4 Qb8 21. Nxc5 Nxf4
22. Qe4 Nd5 23. d4 a4 24. Bd2 Rfe8 25. Re2 Na5 26. b3 Bc6 27. Qh4 Nb7 28. Nxb7
Qxb7 29. Ne5 h5 30. Rf1 Bxe5 31. dxe5 Qa7+ 32. Kh2 Kg7 33. Bg5 Rd7 34. Ref2 Ne3
35. Bf6+ Kh7 36. Qxh5+ 1-0

[Event "KP 2017-18, Jicin B - Hronov"]
[Site "?"]
[Date "2017.11.26"]
[Round "3.8"]
[White "Hyhlan, Jaroslav"]
[Black "Malikova, Katerina"]
[Result "1/2-1/2"]
[WhiteElo "1840"]
[BlackElo "1889"]
[PlyCount "47"]
[EventDate "2017.12.03"]
[WhiteTeam "TJ Hronov"]
[BlackTeam "ŠK AD Jièín B"]

1. d4 d5 2. Nf3 Nf6 3. c4 e6 4. Nc3 Bb4 5. e3 c6 6. Bd2 O-O 7. a3 Ba5 8. Bd3
Re8 9. Ne5 Nbd7 10. b4 Bc7 11. f4 dxc4 12. Bxc4 Nd5 13. O-O N7b6 14. Bd3 f5 15.
Qh5 Rf8 16. Nxd5 Nxd5 17. Bc4 Bd7 18. Nd3 Be8 19. Qf3 Rf6 20. Nc5 b6 21. Nd3
Rh6 22. g3 Bh5 23. Qg2 Rc8 24. Ne5 1/2-1/2

[Event "KP 2017-18, Horice - Slavia HK C"]
[Site "?"]
[Date "2017.12.10"]
[Round "4.1"]
[White "Sucharda, David"]
[Black "Jezbera, Jiri"]
[Result "1/2-1/2"]
[WhiteElo "2025"]
[BlackElo "2099"]
[PlyCount "91"]
[EventDate "2017.12.10"]

1. d4 Nf6 2. c4 g6 3. Nc3 d6 4. e4 Bg7 5. Nf3 O-O 6. h3 e5 7. d5 a5 8. Be2 Na6
9. g4 Ne8 10. Rg1 Kh8 11. a3 Nc5 12. Be3 f5 13. gxf5 gxf5 14. Nd2 f4 15. Bxc5
dxc5 16. Bg4 Nf6 17. Qf3 Bd7 18. O-O-O Qe7 19. Qe2 Be8 20. Nf3 Rd8 21. Kb1 c6
22. dxc6 Bxc6 23. Nd5 Nxd5 24. cxd5 Ba4 25. Rc1 Be8 26. Bf5 Bh5 27. Qd3 Rxf5
28. Rxg7 Kxg7 29. exf5 Bf7 30. Qc3 Rxd5 31. Rg1+ Kh6 32. Nh2 Bh5 33. Ng4+ Bxg4
34. hxg4 Qd7 35. g5+ Kg7 36. Qc2 b5 37. f6+ Kf8 38. Rh1 Qg4 39. Rxh7 Qd1+ 40.
Qxd1 Rxd1+ 41. Kc2 Rg1 42. Rg7 e4 43. g6 c4 44. Rf7+ Kg8 45. Rg7+ Kf8 46. Rf7+
1/2-1/2

[Event "KP 2017-18, Horice - Slavia HK C"]
[Site "?"]
[Date "2017.12.10"]
[Round "4.2"]
[White "Novak, Radomir"]
[Black "Flasar, Jaroslav"]
[Result "1/2-1/2"]
[WhiteElo "2129"]
[BlackElo "2064"]
[PlyCount "55"]
[EventDate "2017.12.10"]

1. d4 d5 2. c4 e6 3. Nc3 Nf6 4. Bg5 Be7 5. e3 h6 6. Bh4 Nbd7 7. Nf3 a6 8. cxd5
exd5 9. Bd3 b5 10. O-O Bb7 11. Rc1 O-O 12. Bf5 g6 13. Bxd7 Nxd7 14. Bxe7 Qxe7
15. Rc2 Rac8 16. Qd2 Nb6 17. b3 c5 18. dxc5 Rxc5 19. Nd4 Rfc8 20. Rfc1 b4 21.
Nce2 a5 22. h3 Nd7 23. Rxc5 Rxc5 24. Rxc5 Qxc5 25. Qc1 Qxc1+ 26. Nxc1 Nc5 27.
f3 Ne6 28. Kf2 1/2-1/2

[Event "KP 2017-18, Horice - Slavia HK C"]
[Site "?"]
[Date "2017.12.10"]
[Round "4.4"]
[White "Marek, Petr"]
[Black "Rusnak, Jan"]
[Result "1-0"]
[WhiteElo "1946"]
[BlackElo "1978"]
[PlyCount "123"]
[EventDate "2017.12.10"]

1. e4 c5 2. Nc3 d6 3. f4 e5 4. Nf3 exf4 5. Bc4 Be6 6. Nd5 Nf6 7. Qe2 Bxd5 8.
Bxd5 Nxd5 9. exd5+ Qe7 10. d3 Nd7 11. Bxf4 O-O-O 12. Qxe7 Bxe7 13. O-O-O Nb6
14. c4 Bf6 15. b3 Rhe8 16. Rde1 Kd7 17. Re4 Nc8 18. Rhe1 Bc3 19. Rxe8 Rxe8 20.
Rxe8 Kxe8 21. Kc2 Bf6 22. Nd2 Kd7 23. h3 g6 24. Ne4 Bd4 25. g4 Ke7 26. Kd1 f5
27. gxf5 gxf5 28. Ng5 h5 29. Ke2 Kf6 30. Ne6 Be5 31. Bg5+ Kg6 32. Kf3 Nb6 33.
h4 Nd7 34. Nf4+ Bxf4 35. Kxf4 Nf6 36. a3 Ne8 37. b4 cxb4 38. axb4 b5 39. Bd8
Nf6 40. Ba5 Ne8 41. c5 Nf6 42. cxd6 Nxd5+ 43. Ke5 Nf6 44. Bd8 Nd7+ 45. Kd5 Kf7
46. Bg5 Nb8 47. Bd2 Kf6 48. Bc3+ Kf7 49. Ke5 f4 50. Kxf4 Ke6 51. Kg5 Nc6 52.
Kxh5 a5 53. bxa5 b4 54. Bb2 Kxd6 55. a6 b3 56. Kg5 Kc7 57. h5 Nb4 58. h6 Nxd3
59. Bd4 Nc5 60. Be5+ Kb6 61. h7 Ne6+ 62. Kf5 1-0

[Event "KP 2017-18, Horice - Slavia HK C"]
[Site "?"]
[Date "2017.12.10"]
[Round "4.5"]
[White "Safarik, Kamil"]
[Black "Smolej, Lukas"]
[Result "0-1"]
[WhiteElo "1789"]
[BlackElo "2003"]
[PlyCount "60"]
[EventDate "2017.12.10"]

1. d4 d5 2. Nf3 Nc6 3. Bf4 Bg4 4. e3 f6 5. Be2 Bxf3 6. Bxf3 e5 7. dxe5 fxe5 8.
Bg3 Nf6 9. O-O e4 10. Bh5+ g6 11. Bg4 h5 12. Be2 h4 13. Bf4 Bh6 14. Bxh6 Rxh6
15. Nd2 Qe7 16. Bb5 Kf7 17. Nb3 Ne5 18. Qd2 h3 19. f4 hxg2 20. fxe5 gxf1=N 21.
Rxf1 Qxe5 22. Nc5 Kg7 23. Nd7 Nxd7 24. Bxd7 Rah8 25. Rf2 c6 26. c3 Rh5 27. h3
Rg5+ 28. Kf1 Rg3 29. Ke2 Rf8 30. Bg4 Rg1 0-1

[Event "KP 2017-18, Horice - Slavia HK C"]
[Site "?"]
[Date "2017.12.10"]
[Round "4.6"]
[White "Pribik, Petr"]
[Black "Lustinec, Vladimir"]
[Result "0-1"]
[WhiteElo "1916"]
[BlackElo "1962"]
[PlyCount "148"]
[EventDate "2017.12.10"]

1. e4 c5 2. c3 d5 3. exd5 Qxd5 4. d4 cxd4 5. cxd4 Nc6 6. Nf3 e6 7. Nc3 Bb4 8.
Bd3 Nf6 9. O-O Qd7 10. Be3 O-O 11. Rc1 a6 12. a3 Be7 13. Bb1 Rd8 14. Qc2 g6 15.
Rfd1 Nd5 16. Ne4 Qe8 17. h4 Bd7 18. h5 Rac8 19. hxg6 hxg6 20. Qe2 Nb8 21. Ne5
Ba4 22. Rxc8 Rxc8 23. Re1 Nd7 24. Nxd7 Bxd7 25. Bg5 Bc6 26. Bxe7 Qxe7 27. Rc1
Rd8 28. Rd1 Qh4 29. g3 Qe7 30. Qd2 Kg7 31. f3 Qc7 32. Qf2 Rh8 33. Kg2 Qb6 34.
Rh1 Rxh1 35. Kxh1 Qb3 36. Kh2 Qe3 37. Qxe3 Nxe3 38. Nd2 Nd1 39. b3 Nc3 40. Bc2
Ne2 41. Bd1 Nxd4 42. Kg2 e5 43. Kf2 f5 44. Ke3 Kf6 45. Nc4 Nb5 46. a4 Nc3 47.
Bc2 Nd5+ 48. Kd2 Nb4 49. Bd1 Ke6 50. Kc3 Nd5+ 51. Kd2 Nf6 52. Ke3 g5 53. Kd3
e4+ 54. fxe4 Nxe4 55. g4 Nf2+ 56. Kd2 Nxd1 57. gxf5+ Kxf5 58. Kxd1 Bd5 59. Nd2
Ke5 60. Kc2 Kd4 61. Nf1 g4 62. Ng3 Ke3 63. Kc3 Kf2 64. Nf5 g3 65. Nh4 g2 66.
Nxg2 Bxg2 67. b4 Ke3 68. Kc4 Bc6 69. b5 axb5+ 70. axb5 Bf3 71. Kc5 Kd3 72. Kb4
b6 73. Kb3 Bd1+ 74. Kb4 Kd4 0-1

[Event "KP 2017-18, Horice - Slavia HK C"]
[Site "?"]
[Date "2017.12.10"]
[Round "4.7"]
[White "Kaspar, Ladislav"]
[Black "Picek, Ivan"]
[Result "1/2-1/2"]
[WhiteElo "1791"]
[BlackElo "1783"]
[PlyCount "66"]
[EventDate "2017.12.10"]

1. d4 Nf6 2. c4 g6 3. Nc3 Bg7 4. e4 d6 5. Be2 O-O 6. Be3 e5 7. Nf3 Nc6 8. d5
Ne7 9. Nd2 Ne8 10. c5 f5 11. cxd6 cxd6 12. f3 f4 13. Bf2 g5 14. h4 h6 15. hxg5
hxg5 16. Qb3 b6 17. O-O-O Nc7 18. Kb1 Ba6 19. Nb5 Nxb5 20. Bxb5 Bxb5 21. Qxb5
Qe8 22. Qb4 Qd7 23. Rc1 Rfc8 24. Nc4 Rd8 25. Rh5 Bf6 26. Rh6 Kf7 27. g3 Ng6 28.
Rh7+ Bg7 29. Rg1 Kg8 30. Rh5 Bf6 31. Rh6 Qg7 32. Rgh1 Be7 33. Rh7 Qxh7 1/2-1/2

[Event "KP 2017-18, Horice - Slavia HK C"]
[Site "?"]
[Date "2017.12.10"]
[Round "4.8"]
[White "Steiner, Pavel"]
[Black "Sucharda, Tomas"]
[Result "0-1"]
[WhiteElo "1721"]
[BlackElo "1689"]
[PlyCount "48"]
[EventDate "2017.12.10"]

1. d4 Nf6 2. c4 e6 3. Nf3 b6 4. Nc3 Bb7 5. Bg5 Be7 6. e3 d5 7. Be2 Nbd7 8. O-O
O-O 9. Ne5 Nxe5 10. dxe5 Ne4 11. Bxe7 Qxe7 12. f4 Nxc3 13. bxc3 Rfd8 14. Qe1
Qc5 15. Qg3 dxc4 16. f5 exf5 17. Rxf5 Rd2 18. Re1 Re8 19. Qf4 Bd5 20. Bf3 Bxf3
21. e6 fxe6 22. Rxc5 Rf8 23. Qxc7 Rxg2+ 24. Kh1 Rg3# 0-1

[Event "KP 2017-18, Dvur Kralove - Jicin B"]
[Site "?"]
[Date "2017.12.10"]
[Round "4.1"]
[White "Kraus, Tomas"]
[Black "Urban, Zdenek"]
[Result "1-0"]
[WhiteElo "2420"]
[BlackElo "2172"]
[PlyCount "73"]
[EventDate "2017.12.10"]

1. d4 Nf6 2. Bf4 e6 3. e3 c5 4. Nd2 Nc6 5. c3 b6 6. Ngf3 Bb7 7. Bd3 d5 8. Qe2
Be7 9. h3 O-O 10. O-O Rc8 11. Rad1 Nh5 12. Bh2 g6 13. dxc5 bxc5 14. e4 Re8 15.
Rfe1 Bf8 16. exd5 exd5 17. Qxe8 Qxe8 18. Rxe8 Rxe8 19. Bb5 Re6 20. Nb3 Nf6 21.
Bf4 Ne4 22. Rxd5 f6 23. Rd7 Re7 24. Rxb7 Rxb7 25. Bxc6 Re7 26. Be3 Kg7 27. Bxe4
Rxe4 28. Nxc5 Re8 29. Kf1 Kf7 30. b4 Bd6 31. a4 Re7 32. a5 Re8 33. Bd4 Re7 34.
Nd2 f5 35. Nc4 Bxc5 36. Bxc5 Rc7 37. Nd6+ 1-0

[Event "KP 2017-18, Dvur Kralove - Jicin B"]
[Site "?"]
[Date "2017.12.10"]
[Round "4.2"]
[White "Vitova, Anna"]
[Black "Rosko, Lubos"]
[Result "0-1"]
[WhiteElo "1749"]
[BlackElo "2307"]
[PlyCount "48"]
[EventDate "2017.12.10"]

1. e4 c5 2. Nf3 d6 3. d4 cxd4 4. Nxd4 Nf6 5. Nc3 Nc6 6. Bc4 Qb6 7. Nb3 e6 8.
O-O Be7 9. Kh1 a6 10. f4 Qc7 11. a4 O-O 12. Rf3 d5 13. exd5 exd5 14. Nxd5 Nxd5
15. Qxd5 Bg4 16. Rf1 Nb4 17. Qe4 Bf5 18. Qe2 Nxc2 19. Ra2 Rfe8 20. Bxf7+ Kxf7
21. Qh5+ Bg6 22. Qd5+ Kf8 23. Bd2 Rad8 24. Qf3 Rd3 0-1

[Event "KP 2017-18, Dvur Kralove - Jicin B"]
[Site "?"]
[Date "2017.12.10"]
[Round "4.3"]
[White "Machan, Jan"]
[Black "Buchar, Petr"]
[Result "1-0"]
[WhiteElo "2294"]
[BlackElo "1936"]
[PlyCount "53"]
[EventDate "2017.12.10"]

1. d4 f5 2. c4 g6 3. Nc3 Nf6 4. Nf3 Bg7 5. g3 d6 6. Bg2 O-O 7. O-O Qe8 8. d5 e5
9. dxe6 Qxe6 10. Nd5 Na6 11. Nd4 Qf7 12. Be3 c6 13. Nxf6+ Qxf6 14. Qc2 f4 15.
gxf4 Bh6 16. Rad1 Bxf4 17. Bxf4 Qxf4 18. Qd2 Nc5 19. Qxf4 Rxf4 20. e3 Rf6 21.
b4 Ne6 22. b5 Nxd4 23. Rxd4 cxb5 24. cxb5 Rb8 25. Rfd1 Bd7 26. a4 Bg4 27. Rxg4
1-0

[Event "KP 2017-18, Dvur Kralove - Jicin B"]
[Site "?"]
[Date "2017.12.10"]
[Round "4.4"]
[White "Kohout, Jan"]
[Black "Zahalka, Jan"]
[Result "1/2-1/2"]
[WhiteElo "1920"]
[BlackElo "1911"]
[PlyCount "138"]
[EventDate "2017.12.10"]

1. e4 c5 2. Nf3 d6 3. d4 cxd4 4. Nxd4 Nf6 5. Nc3 g6 6. g3 Bg7 7. Bg2 O-O 8. O-O
Nc6 9. Nde2 a6 10. h3 Qc7 11. Be3 Rd8 12. Nd5 Nxd5 13. exd5 Ne5 14. Bd4 Nd7 15.
Bxg7 Kxg7 16. a4 Nf6 17. Re1 h5 18. Nd4 h4 19. Ra3 Rh8 20. Rae3 Kf8 21. Rxe7
Qxe7 22. Rxe7 Kxe7 23. Qe2+ Kf8 24. Qf3 Ke7 25. Qe3+ Kf8 26. Qf4 Ke7 27. c4
hxg3 28. Qxg3 Rd8 29. Qg5 Bd7 30. b4 Rac8 31. c5 Bxa4 32. c6 Rc7 33. f4 Rh8 34.
f5 Rh5 35. Qe3+ Kf8 36. Qa3 b5 37. Qc3 Ne8 38. fxg6 Re7 39. Qf3 Rhe5 40. Ne6+
Kg8 41. gxf7+ Rxf7 42. Qg4+ Kh7 43. Ng5+ Rxg5 44. Qxg5 Bc2 45. Qh4+ Kg7 46.
Qd4+ Kg8 47. Qe3 Kf8 48. Qh6+ Kg8 49. Qe6 Kf8 50. Qc8 Rg7 51. Kh2 a5 52. bxa5
b4 53. Qb7 b3 54. a6 Rxb7 55. cxb7 b2 56. b8=Q b1=Q 57. a7 Qe1 58. Qb2 Qa5 59.
Qb7 Qd2 60. Qb2 Qa5 61. Qxc2 Qxa7 62. Be4 Qe3 63. Qg2 Qf4+ 64. Kg1 Qe3+ 65.
Qf2+ Qxf2+ 66. Kxf2 Nf6 67. Ke3 Kg7 68. Kf4 Nxd5+ 69. Bxd5 Kh8 1/2-1/2

[Event "KP 2017-18, Dvur Kralove - Jicin B"]
[Site "?"]
[Date "2017.12.10"]
[Round "4.5"]
[White "Mrovec, Jan"]
[Black "Lajbl, Jan"]
[Result "1/2-1/2"]
[WhiteElo "2067"]
[BlackElo "1804"]
[PlyCount "105"]
[EventDate "2017.12.10"]

1. e4 c6 2. Nf3 d5 3. Nc3 Bg4 4. h3 Bxf3 5. Qxf3 e6 6. exd5 cxd5 7. Bb5+ Nc6 8.
O-O Nf6 9. d4 a6 10. Bxc6+ bxc6 11. Na4 Ne4 12. c4 Bd6 13. c5 Bc7 14. Bf4 O-O
15. Rfd1 f6 16. Bxc7 Qxc7 17. Nb6 Rab8 18. b4 e5 19. Qd3 exd4 20. Qxd4 Qe5 21.
Rac1 Qxd4 22. Rxd4 Ng5 23. f3 Ne6 24. Rd2 Rfe8 25. Kf2 Kf7 26. a4 Nc7 27. Rcc2
Rbd8 28. Re2 Rxe2+ 29. Kxe2 Ke7 30. Kd3 Na8 31. Nxa8 Rxa8 32. b5 axb5 33. axb5
Ra3+ 34. Kd4 Ra4+ 35. Kd3 cxb5 36. Rb2 Kd7 37. Rxb5 Kc6 38. Rb8 Kxc5 39. Rc8+
Kd6 40. Rg8 Ra7 41. Kd4 Ke6 42. Re8+ Kf5 43. Re2 Rd7 44. g3 g5 45. g4+ Kf4 46.
Re6 Rf7 47. Kxd5 Kxf3 48. Ra6 Kg2 49. Ke6 Rf8 50. Ra3 h6 51. Kf5 Kh2 52. Kg6
Re8 53. Kxf6 1/2-1/2

[Event "KP 2017-18, Dvur Kralove - Jicin B"]
[Site "?"]
[Date "2017.12.10"]
[Round "4.6"]
[White "Fojt, Petr"]
[Black "Nejedlo, Josef"]
[Result "1-0"]
[WhiteElo "1784"]
[BlackElo "1873"]
[PlyCount "35"]
[EventDate "2017.12.10"]

1. e4 Nf6 2. Nc3 d5 3. e5 d4 4. exf6 dxc3 5. fxg7 cxd2+ 6. Qxd2 Qxd2+ 7. Bxd2
Bxg7 8. O-O-O Bf5 9. Nf3 Nd7 10. Bc4 Ne5 11. Nxe5 Bxe5 12. Rhe1 Bd6 13. Bg5 Rg8
14. h4 Rg6 15. Rxd6 Rxg5 16. Rd5 c6 17. Rde5 Rh5 18. Rxe7+ 1-0

[Event "KP 2017-18, Dvur Kralove - Jicin B"]
[Site "?"]
[Date "2017.12.10"]
[Round "4.7"]
[White "Fuchs, Frantisek"]
[Black "Sajdl, Jan"]
[Result "0-1"]
[WhiteElo "1848"]
[BlackElo "1703"]
[PlyCount "80"]
[EventDate "2017.12.10"]

1. e4 e5 2. Nf3 Nc6 3. Bb5 a6 4. Ba4 Nf6 5. O-O Be7 6. Re1 d6 7. c3 O-O 8. d4
b5 9. Bc2 Re8 10. a4 Bb7 11. Qe2 exd4 12. cxd4 Nb4 13. d5 Nxc2 14. Qxc2 Nd7 15.
axb5 axb5 16. Rxa8 Bxa8 17. Na3 Qb8 18. b4 Qb6 19. Be3 c5 20. Qe2 Rb8 21. Ra1
f5 22. Qd3 Bf6 23. Rb1 Qa6 24. bxc5 fxe4 25. Qxe4 Nxc5 26. Bxc5 dxc5 27. Rxb5
Rd8 28. Qe3 Bxd5 29. Qxc5 Qe6 30. Qe3 Qd6 31. Rb1 Bc6 32. Nc4 Qd5 33. Ncd2 Kh8
34. Re1 h6 35. Ne4 Bb2 36. Qd2 Qxd2 37. Nfxd2 Re8 38. Nc4 Bc3 39. Rc1 Rxe4 40.
Ne3 Ra4 0-1

[Event "KP 2017-18, Dvur Kralove - Jicin B"]
[Site "?"]
[Date "2017.12.10"]
[Round "4.8"]
[White "Janouch, Jachym"]
[Black "Svida, Rostislav"]
[Result "1/2-1/2"]
[WhiteElo "1661"]
[BlackElo "1700"]
[PlyCount "50"]
[EventDate "2017.12.10"]

1. e4 d6 2. d4 Nf6 3. Nc3 Nbd7 4. Nf3 e5 5. dxe5 dxe5 6. Bc4 Be7 7. O-O O-O 8.
Qe2 c6 9. Be3 Qc7 10. Rad1 b5 11. Bd3 Nc5 12. Bg5 Bg4 13. h3 Bxf3 14. Qxf3 Ne6
15. Be3 Rad8 16. Ne2 Nc5 17. Bxc5 Bxc5 18. Ng3 Be7 19. c3 Rfe8 20. Bc2 c5 21.
Nf5 g6 22. Ne3 Rxd1 23. Rxd1 Rd8 24. c4 bxc4 25. Nxc4 Rd4 1/2-1/2

[Event "KP 2017-18, Vrchlabi - Lazne Belohrad"]
[Site "?"]
[Date "2017.12.10"]
[Round "4.1"]
[White "Hala, Bohumil"]
[Black "Nalevka, Petr"]
[Result "1-0"]
[WhiteElo "2215"]
[BlackElo "2070"]
[PlyCount "99"]
[EventDate "2017.??.??"]

1. d4 d5 2. Nf3 Nf6 3. c4 c6 4. Nc3 Bf5 5. cxd5 Nxd5 6. e3 e6 7. Be2 Nd7 8. O-O
Bd6 9. Nd2 Bg6 10. e4 Nxc3 11. bxc3 Qc7 12. h3 e5 13. Qb3 O-O 14. Ba3 Bxa3 15.
Qxa3 f5 16. exf5 Bxf5 17. Nf3 Kh8 18. dxe5 Nxe5 19. Nd4 Bd7 20. Rad1 Rae8 21.
Rfe1 a6 22. Nb3 b6 23. Qd6 Qa7 24. Bh5 Rf6 25. Qd4 c5 26. Qh4 Re7 27. Qg3 Nc6
28. Rxe7 Nxe7 29. Qd3 Ba4 30. Qd8+ Ng8 31. Qc8 g6 32. Be2 Kg7 33. Rd2 Qf7 34.
Qxa6 Bc6 35. Bc4 Qc7 36. Bd5 Ne7 37. Bxc6 Nxc6 38. Qc4 Rd6 39. Qf4 Rd7 40. Qxc7
Rxc7 41. Rd6 Kf7 42. Nd2 Ke7 43. Ne4 b5 44. Rd5 Na5 45. Nxc5 Nc4 46. Na6 Ra7
47. Nb4 Ra3 48. Rxb5 Nd6 49. Rc5 h6 50. f3 1-0

[Event "KP 2017-18, Vrchlabi - Lazne Belohrad"]
[Site "?"]
[Date "2017.12.10"]
[Round "4.2"]
[White "Korinek, Pavel"]
[Black "Chalupecky, Vladimir"]
[Result "0-1"]
[WhiteElo "1966"]
[BlackElo "1929"]
[PlyCount "140"]
[EventDate "2017.??.??"]

1. e4 d6 2. d4 Nf6 3. Nc3 Nbd7 4. Nf3 e5 5. Bc4 h6 6. O-O Be7 7. Qe2 c6 8. a4
Qc7 9. b3 exd4 10. Nxd4 Ne5 11. h3 Qa5 12. Bb2 Nxc4 13. Qxc4 O-O 14. Rad1 Qh5
15. Qd3 Nh7 16. Ba3 Re8 17. Nde2 d5 18. Bxe7 Rxe7 19. exd5 Bf5 20. Qd2 Rd8 21.
Rfe1 Qh4 22. Kh2 Ng5 23. Ng1 Rxe1 24. Rxe1 cxd5 25. Nxd5 Ne4 26. Qf4 Qxf4+ 27.
Nxf4 Nxf2 28. Re2 Ne4 29. Nf3 Nc3 30. Re7 Rd7 31. Re8+ Kh7 32. Rc8 Nd1 33. c3
Re7 34. Rc5 Bc2 35. Nd4 Be4 36. Kg1 g5 37. Nfe2 Bd3 38. Kf1 Ne3+ 39. Kf2 b6 40.
Rc8 Ba6 41. Ra8 Bxe2 42. Nxe2 Nd1+ 43. Kf1 a5 44. Rc8 Re6 45. Rd8 Rf6+ 46. Kg1
Ne3 47. Ng3 Rc6 48. Rd3 Nc2 49. Nf5 Re6 50. Kf2 Kg6 51. g4 h5 52. Rd2 Na3 53.
Nd4 Re4 54. Kf3 Rf4+ 55. Kg3 hxg4 56. hxg4 Rf1 57. Ra2 Nb1 58. Rc2 Rd1 59. Kf2
Nxc3 60. Rxc3 Rxd4 61. Kg3 Rb4 62. Kf3 Kf6 63. Re3 Rf4+ 64. Kg3 Rf1 65. Kg2 Rd1
66. Kg3 Rd2 67. Kf3 Kg6 68. Rc3 f6 69. Ke3 Rh2 70. Kd4 Rg2 0-1

[Event "KP 2017-18, Vrchlabi - Lazne Belohrad"]
[Site "?"]
[Date "2017.12.10"]
[Round "4.3"]
[White "Plchot, Miroslav"]
[Black "Kykal, Vojtech"]
[Result "0-1"]
[WhiteElo "1877"]
[BlackElo "1974"]
[PlyCount "86"]
[EventDate "2017.??.??"]

1. d4 d5 2. Nf3 e6 3. c4 c6 4. e3 Bd6 5. Nc3 f5 6. cxd5 exd5 7. Bd3 Nf6 8. O-O
O-O 9. Qc2 Ne4 10. Nd2 Nd7 11. a3 a5 12. Qb3 Kh8 13. Ne2 Ndf6 14. f4 c5 15.
dxc5 Nxc5 16. Qc2 Nxd3 17. Qxd3 b6 18. Nd4 Qd7 19. Qb3 Bc5 20. N2f3 a4 21. Qd1
Ne4 22. Ne5 Qd6 23. Rf3 Bd7 24. Rh3 Be8 25. Bd2 b5 26. Rc1 Qb6 27. Bb4 Bxb4 28.
axb4 Qd6 29. Qe1 Ng5 30. fxg5 Qxe5 31. Qh4 Bg6 32. Rc6 Qe8 33. Qf4 Rc8 34. Re6
Qf7 35. Qd6 f4 36. Nc6 Qf5 37. e4 dxe4 38. Rxg6 e3 39. Rxh7+ Kxh7 40. Rh6+ gxh6
41. Qxh6+ Kg8 42. Ne7+ Kf7 43. g4 Qxg4+ 0-1

[Event "KP 2017-18, Vrchlabi - Lazne Belohrad"]
[Site "?"]
[Date "2017.12.10"]
[Round "4.4"]
[White "Bartak, Pavel"]
[Black "Tejkal, Lubomir"]
[Result "0-1"]
[WhiteElo "1981"]
[BlackElo "1992"]
[PlyCount "86"]
[EventDate "2017.??.??"]

1. e4 d5 2. e5 c5 3. f4 Nc6 4. Bb5 Qb6 5. Bxc6+ bxc6 6. Nf3 e6 7. O-O Nh6 8.
Kh1 Ba6 9. d3 c4 10. Ne1 Nf5 11. Nc3 h5 12. Na4 Qa5 13. Nc3 Bc5 14. Ne2 Qb6 15.
Rf3 h4 16. c3 cxd3 17. Nxd3 Be3 18. Bxe3 Nxe3 19. Qc1 Bxd3 20. Rxe3 Be4 21. Ng1
g6 22. b3 Kf8 23. Qe1 Kg7 24. Rd1 Rh5 25. Nh3 Rah8 26. Kg1 Bf5 27. Ng5 h3 28.
g3 Rd8 29. Qf2 Rhh8 30. Ree1 c5 31. b4 cxb4 32. Qxb6 axb6 33. cxb4 Ra8 34. Rd2
Rhc8 35. Re3 Rc1+ 36. Kf2 Bg4 37. Re1 Rc4 38. Rb1 Ra4 39. b5 Rc5 40. Nf3 Bxf3
41. Kxf3 f6 42. exf6+ Kxf6 43. g4 Rc3+ 0-1

[Event "KP 2017-18, Vrchlabi - Lazne Belohrad"]
[Site "?"]
[Date "2017.12.10"]
[Round "4.5"]
[White "Kalensky, Jakub"]
[Black "Vavra, Vojtech"]
[Result "1/2-1/2"]
[WhiteElo "1861"]
[BlackElo "1822"]
[PlyCount "73"]
[EventDate "2017.??.??"]

1. e4 e5 2. Nf3 Nc6 3. Bb5 a6 4. Ba4 Nf6 5. O-O b5 6. Bb3 Be7 7. d3 O-O 8. c3
d6 9. h3 Bb7 10. Re1 Na5 11. Bc2 c5 12. Nbd2 Qc7 13. Nf1 Rfe8 14. Ng3 h6 15.
Nf5 Bf8 16. Nh2 Bc8 17. Ng4 Qd8 18. Qf3 Nxg4 19. hxg4 Nc6 20. Bb3 Be6 21. Bd5
Bxd5 22. exd5 Ne7 23. g3 Nxf5 24. gxf5 Qf6 25. Kg2 g6 26. fxg6 Qxg6 27. Rh1 f5
28. Qh5 Kh7 29. Qxg6+ Kxg6 30. Rh4 Re7 31. Be3 Rh7 32. a4 Be7 33. Rhh1 bxa4 34.
Rxa4 Bg5 35. Bxg5 Kxg5 36. Rha1 Rha7 37. Kf3 1/2-1/2

[Event "KP 2017-18, Vrchlabi - Lazne Belohrad"]
[Site "?"]
[Date "2017.12.10"]
[Round "4.6"]
[White "Kykal, Zbynek"]
[Black "Kucera, Daniel"]
[Result "0-1"]
[WhiteElo "1772"]
[BlackElo "1841"]
[PlyCount "48"]
[EventDate "2017.??.??"]

1. d4 Nf6 2. Bf4 g6 3. Nf3 Bg7 4. e3 O-O 5. Nbd2 d5 6. Bd3 Nbd7 7. O-O c5 8. c3
Qb6 9. Rb1 c4 10. Bc2 Nh5 11. Bg3 Nxg3 12. hxg3 Qa5 13. b3 b5 14. bxc4 bxc4 15.
Rb4 Qxa2 16. e4 e6 17. exd5 exd5 18. Ba4 Rb8 19. Qb1 Qxb1 20. Rfxb1 Rxb4 21.
Rxb4 Nb6 22. Bc6 Rd8 23. Nf1 Rd6 24. Ba4 a5 0-1

[Event "KP 2017-18, Vrchlabi - Lazne Belohrad"]
[Site "?"]
[Date "2017.12.10"]
[Round "4.7"]
[White "Blazek, Martin"]
[Black "Lelek, Petr"]
[Result "1-0"]
[WhiteElo "1817"]
[BlackElo "1847"]
[PlyCount "120"]
[EventDate "2017.??.??"]

1. e4 e6 2. Qe2 e5 3. f4 exf4 4. Nf3 Be7 5. Qf2 d6 6. Bc4 Nc6 7. d4 g5 8. Nc3
Bf6 9. h3 Bd7 10. Bd2 a6 11. O-O-O b5 12. Bd3 Nb4 13. Be2 Nc6 14. h4 g4 15. d5
Ne5 16. Nd4 h5 17. Bxf4 Ne7 18. g3 N7g6 19. Be3 Bg7 20. Rhf1 f6 21. Nf5 Bxf5
22. Qxf5 Qe7 23. Nb1 Nf8 24. Nd2 Nfd7 25. Nb3 Nf8 26. Nd4 Qd7 27. Qf2 Rh7 28.
Nf5 Bh8 29. Nd4 Bg7 30. Bd2 Rb8 31. Qe1 Bh8 32. Qf2 Nfg6 33. Qe1 Bg7 34. Ba5
Nf8 35. Qc3 Bh8 36. a4 Nc4 37. Bxc4 bxc4 38. Qxc4 Ra8 39. Nf5 Ng6 40. Qxc7 Qxc7
41. Bxc7 Rxc7 42. Nxd6+ Kd7 43. Nf5 Ne5 44. b3 Rc3 45. Kb2 Rac8 46. Rf2 Nf3 47.
Rd3 R3c7 48. c4 Kd8 49. Rc2 Ne5 50. Rdc3 Bg7 51. c5 Rxc5 52. Nxg7 Nd3+ 53. Rxd3
Rxc2+ 54. Ka3 R8c3 55. Rxc3 Rxc3 56. Nxh5 a5 57. Nxf6 Rxg3 58. e5 Rg1 59. d6 g3
60. e6 Kc8 1-0